000 00701nam a2200241Ia 4500
001 2007
003 GE_BSU
008 181216s||||||||xx |||||||||||||| ||und||
020 _a985489195Х
040 _cGE_BSU
080 _a340.1(075.8)
100 _aТагунов,Д.Е.
245 _aВсеобщая история государства и права
245 _bУчебное пособие для вузов
260 _aМинск
260 _bКнижный двор
260 _c2005
300 _a400стр.
653 _aВсеобщая история государства и права
653 _aИстория
653 _aისტორია
942 _cBK
999 _c36107
_d36107